000 00495nmm a2200169Ia 4500
008 251105s9999||||xx |||||||||||||||||und||
020 _a9788495839978
041 _aspa
100 _aLuque, Ramón
245 0 _aEn busca de Woody Allen :
_b sexo, muerte y cultura en su cine
264 _a[Madrid, España] :
_bOcho y Medio,
_c2005
300 _a272 páginas
490 _aCautivos del mal
650 _aFilm studies
856 _uhttps://public.digitaliapublishing.com/a/341
942 _cCF
999 _c89685
_d89685